| 000 | 00723nam a2200241 a 4500 | ||
|---|---|---|---|
| 001 | 000045851 | ||
| 003 | DO-SdBNP | ||
| 005 | 20180328100347.0 | ||
| 007 | 000045851 | ||
| 008 | 150522s2012 dr a 000 0 spa d | ||
| 040 |
_aBPMSU _bspa _cBPMSU |
||
| 092 |
_axxxx _bxxxx |
||
| 100 | 1 | _aDamirón, Anya | |
| 245 | 1 | 3 |
_aEl rancho de don juancho : _bnúmeros, colores, animales / _cAnya Damirón, Pablo Pino. |
| 260 |
_a[santo Domingo] : _bLucia'Stories, _c2012. |
||
| 300 |
_a[16] p. : _bil. ; _c21 cm. |
||
| 490 | _aLucia Stories | ||
| 700 | 1 | 2 |
_aPino, Pablo _eil. : _422 cm. |
| 830 | _pLucia Stories | ||
| 942 |
_2ddc _cBK |
||
| 945 | _aRemanejado para la BNPHU / 2018 VM | ||
| 956 |
_aVMATEO _b10 _c20151117 _lBPMSU _h00151 |
||
| 999 |
_c8766 _d8766 |
||